Branding vinárskych produktov: Bibliometrická analýza

Branding vinárskych produktov sa nezaoberá len samotnou značkou vína, ale je prepojený aj s cestovným ruchom a destináciami vinárskeho cestovného ruchu. Vo vinárskom sektore existuje dlhá tradícia spoľahnutia sa na región, ktorý slúži ako ukazovateľ kvality. Menšie a menej známe vinárstva často využ...

Descrizione completa

Salvato in:
Dettagli Bibliografici
Autore principale: Pospíšilová, Vanesa, 1998-
Natura: Capitolo di libro
Lingua:slovacco
Soggetti:
Tags: Aggiungi Tag
Nessun Tag, puoi essere il primo ad aggiungerne!!

MARC

LEADER 00000naa$a2200000$$$4500
001 0310837
005 20250619093634.3
041 0 |a slo 
044 |a CZ 
245 1 0 |a Branding vinárskych produktov: Bibliometrická analýza  |c Vanesa Pospíšilová 
520 |a Branding vinárskych produktov sa nezaoberá len samotnou značkou vína, ale je prepojený aj s cestovným ruchom a destináciami vinárskeho cestovného ruchu. Vo vinárskom sektore existuje dlhá tradícia spoľahnutia sa na región, ktorý slúži ako ukazovateľ kvality. Menšie a menej známe vinárstva často využívajú pri brandingu svojich produktov prepojenie na región, v ktorom sa vinič pestuje, aby sa dostali do širšieho povedomia spotrebiteľov v spojení s kvalitou vína danej lokality. Cieľom tohto článku je zhodnotiť súčasný stav výskumu v oblasti brandingu vinárskych produktov prostredníctvom bibliometrickej analýzy. Bibliometrickou analýzou sa skúmali vedecké publikácie z databázy Web of Science publikované v období 2014 až 2024 so zameraním sa na identifikáciu kľúčových autorov, publikácií a hlavných oblastí výskumu. Celkovo sa z databázy Web of Science analyzovalo 870 štúdií. 
610 2 0 |a ruch cestovný 
610 2 0 |a ruch cestovný domáci 
610 2 0 |a regióny 
610 2 0 |a kraje 
610 2 0 |a víno 
610 2 0 |a vinohradníctvo 
610 2 0 |a hotely 
100 1 |a Pospíšilová, Vanesa, 1998-